Epistemology, logic, and grammar in Indian philosophical analysis / (Record no. 94824)

MARC details
000 -LEADER
fixed length control field 00864nam a22002537a 4500
005 - DATE AND TIME OF LATEST TRANSACTION
control field 20150902112759.0
010 ## - LCCN (DPL NO)
LC control number ENG-113435
020 ## - INTERNATIONAL STANDARD BOOK NUMBER
International Standard Book Number 0199460930
Terms of availability 275.00
020 ## - INTERNATIONAL STANDARD BOOK NUMBER
International Standard Book Number 9780199460939
Terms of availability 275.00
035 ## - SYSTEM CONTROL NUMBER
System control number EN-96967
037 ## - SOURCE OF ACQUISITION
Source of stock number/acquisition DBAD/PUB
082 ## - DEWEY DECIMAL CLASSIFICATION NUMBER
Classification number 160
100 ## - MAIN ENTRY--PERSONAL NAME
Personal name Matilal, Bimal Krishna
245 ## - TITLE STATEMENT
Title Epistemology, logic, and grammar in Indian philosophical analysis /
Statement of responsibility, etc by Bimal Krishna Matilal ; edited by Jonardon Ganeri
260 ## - PUBLICATION, DISTRIBUTION, ETC. (IMPRINT)
Place of publication, distribution, etc New Delhi
Name of publisher, distributor, etc Oxford University Press
Date of publication, distribution, etc 2015
270 ## - ADDRESS
Address YMCA Library building, 1 Jai Singh Road
City New Delhi
Postal code 110001
300 ## - PHYSICAL DESCRIPTION
Extent xvi,139p.
Dimensions 22cm(pbk)
500 ## - GENERAL NOTE
General note Includes bibliographical references
650 ## - SUBJECT ADDED ENTRY--TOPICAL TERM
Topical term or geographic name as entry element Knowledge, Theory of (Hinduism)
650 ## - SUBJECT ADDED ENTRY--TOPICAL TERM
Topical term or geographic name as entry element Hindu philosophy.
650 ## - SUBJECT ADDED ENTRY--TOPICAL TERM
Topical term or geographic name as entry element Semantics (Philosophy)
700 ## - ADDED ENTRY--PERSONAL NAME
Personal name Ganeri, Jonardon
942 ## - ADDED ENTRY ELEMENTS (KOHA)
Source of classification or shelving scheme Dewey Decimal Classification
Item type English Books
Call number suffix MAT
Classification part 160
Holdings
Withdrawn status Lost status Not for loan Collection code Home library Current library Date acquired Source of acquisition Cost, normal purchase price Full call number Barcode Copy number Cost, replacement price Koha item type
    Not For Loan Non-fiction D.B.Act.Division D.B.Act.Division 10/07/2015 DBAD/PUB 275.00 160 MAT EN-96967 1 275.00 English Books

© Delhi Public Library
Hit Counter
free hit counter